Pensar la imagen /

Guardat en:
Dades bibliogràfiques
Autor principal: Zunzunegui, Santos (autor)
Format: Llibre
Idioma:espanyol
Publicat: Madrid, España : Cátedra, 2016, c2016
Edició:8a edición
Col·lecció:(Signo e Imagen ; 15)
Matèries:
Etiquetes: Afegir etiqueta
Sense etiquetes, Sigues el primer a etiquetar aquest registre!

MARC

LEADER 00000nam^a2200000^a^4500
001 000399350
005 20250521000000.0
009 20260310121550.465
020 |a 978-84-376-0815-0 
037 |a Acervo ITESO - Biblioteca 
041 |a ESP 
082 |a 701. 17  |b ZUN 
100 |a Zunzunegui, Santos  |e (autor) 
245 1 0 |a Pensar la imagen /  |c S. Zunzunegui. 
250 |a 8a edición 
264 4 |a Madrid, España :  |b Cátedra,  |c 2016, c2016 
300 |a 290 p. 
336 |a texto  |b txt  |2 rdacontenido 
337 |a sin mediación  |b n  |2 rdamedio 
338 |a volumen  |b nc  |2 rdasoporte 
440 1 |a (Signo e Imagen ;  |v 15) 
521 |a FIL 2017 EEnlace Departamento de Formación Humana 
649 |a XX 
650 |a Percepción 
650 |a Imagen -  |x Historia y Crítica 
650 |a Imagen -  |x Teoría -  |x Tema Principal 
650 |a Imagen -  |x Aspectos Sociales y Culturales -  |x Tema Principal 
650 |a Historietas y Caricaturas 
650 |a Pintura 
650 |a Fotografía 
650 |a Fotografía Cinematográfica 
650 |a Video 
650 |a Tercera Dimensión 
650 |a Sistemas de Imagen 
650 |a Retórica 
650 |a Semiótica 
650 |a Comunicación Visual -  |x Teoría 
650 |a Medios de Comunicación 
650 |a Arte -  |x Teoría 
910 |a Fondo General 
920 |a Impresos - Libros 
930 |a Colección General 
905 |a 101 
901 |a 0500294547  |b IT1  |c ACC  |i c158062  |u 20250521 
902 |a https://opac.biblio.iteso.mx/vufind/Record/000399350